| 000 | 00500nam a2200193Ia 4500 | ||
|---|---|---|---|
| 008 | 170705s9999 xx 000 0 und d | ||
| 020 | _a9780531177792 | ||
| 245 | _aLittle sister, big mess! : | ||
| 245 | _bopposites / | ||
| 245 | _cJane E. Gerver ; illustrated by Shelley Dietirichs. | ||
| 260 | _aNew York : | ||
| 260 | _bScholastic, | ||
| 260 | _c2007 | ||
| 300 | _a31 pages : | ||
| 300 | _bcolor illustration ; | ||
| 300 | _c19cm. | ||
| 440 | _aRookie ready to learn. | ||
| 500 | _a110 | ||
| 999 |
_c335348 _d335348 |
||